<?xml version="1.0" encoding="UTF-8"?><?xml-stylesheet type="text/xsl" href="static/style.xsl"?><OAI-PMH xmlns="http://www.openarchives.org/OAI/2.0/" xmlns:xsi="http://www.w3.org/2001/XMLSchema-instance" xsi:schemaLocation="http://www.openarchives.org/OAI/2.0/ http://www.openarchives.org/OAI/2.0/OAI-PMH.xsd"><responseDate>2026-04-13T07:25:55Z</responseDate><request verb="GetRecord" identifier="oai:www.recercat.cat:2117/21774" metadataPrefix="marc">https://recercat.cat/oai/request</request><GetRecord><record><header><identifier>oai:recercat.cat:2117/21774</identifier><datestamp>2026-01-23T03:52:07Z</datestamp><setSpec>com_2072_1033</setSpec><setSpec>col_2072_452950</setSpec></header><metadata><record xmlns="http://www.loc.gov/MARC21/slim" xmlns:dcterms="http://purl.org/dc/terms/" xmlns:xsi="http://www.w3.org/2001/XMLSchema-instance" xmlns:doc="http://www.lyncode.com/xoai" xsi:schemaLocation="http://www.loc.gov/MARC21/slim http://www.loc.gov/standards/marcxml/schema/MARC21slim.xsd">
   <leader>00925njm 22002777a 4500</leader>
   <datafield ind2=" " ind1=" " tag="042">
      <subfield code="a">dc</subfield>
   </datafield>
   <datafield ind2=" " ind1=" " tag="720">
      <subfield code="a">Lacasta Palacio, Ana María</subfield>
      <subfield code="e">author</subfield>
   </datafield>
   <datafield ind2=" " ind1=" " tag="720">
      <subfield code="a">Avellaneda Diaz-Grande, Jaime</subfield>
      <subfield code="e">author</subfield>
   </datafield>
   <datafield ind2=" " ind1=" " tag="720">
      <subfield code="a">Giraldo Forero, María del Pilar</subfield>
      <subfield code="e">author</subfield>
   </datafield>
   <datafield ind2=" " ind1=" " tag="720">
      <subfield code="a">Burgos Leiva, Camila</subfield>
      <subfield code="e">author</subfield>
   </datafield>
   <datafield ind2=" " ind1=" " tag="260">
      <subfield code="c">2013</subfield>
   </datafield>
   <datafield ind2=" " ind1=" " tag="520">
      <subfield code="a">Fire spread through the façades is widely recognized as one of the fastest pathways of fire&#xd;
spreading in the buildings. Fire may spread through the façade in different ways depending on the type&#xd;
of façade system and on the elements and materials from which it is constructed. Ventilated façades are&#xd;
multilayer systems whose main feature is the creation of an air chamber of circulating air between the&#xd;
original building wall and the external cladding. The “chimney effect” in the air cavity is a mechanism that&#xd;
improves the façade’s thermal behaviour and avoids the appearance of moisture from rain or condensation.&#xd;
However, in a event of fire, it may contribute to the quickest spreading of fire, representing a significant&#xd;
risk to the upper floors of a building. This study deals with some aspects of fire propagation through&#xd;
the ventilated cavity in ventilated façade systems. Also we review the provisions stipulated by the&#xd;
Spanish building code (Código Técnico de la Edificación, CTE) [1] to avoid fire spread outside the&#xd;
building.&#xd;
The results highlight the importance of the use of proper fire barriers to ensure the compartmentalization&#xd;
of the ventilated cavity, as well as the use of non-combustible thermal insulation materials, among others. In&#xd;
addition, based on the results, it might be considered that the measures stipulated by the CTE are insufficient&#xd;
to limit the risks associated with this kind of façades systems. The study has been performed using field&#xd;
models of computational fluid-dynamics. In particular, the Fire Dynamics Simulator (FDS) software has&#xd;
been used to numerically solve the mathematical integration models.</subfield>
   </datafield>
   <datafield ind2=" " ind1=" " tag="520">
      <subfield code="a">Peer Reviewed</subfield>
   </datafield>
   <datafield ind2=" " ind1=" " tag="520">
      <subfield code="a">Postprint (published version)</subfield>
   </datafield>
   <datafield tag="653" ind2=" " ind1=" ">
      <subfield code="a">Àrees temàtiques de la UPC::Edificació::Elements constructius d'edificis::Elements de tancament</subfield>
   </datafield>
   <datafield tag="653" ind2=" " ind1=" ">
      <subfield code="a">Àrees temàtiques de la UPC::Física::Física de fluids</subfield>
   </datafield>
   <datafield tag="653" ind2=" " ind1=" ">
      <subfield code="a">Fire testing</subfield>
   </datafield>
   <datafield tag="653" ind2=" " ind1=" ">
      <subfield code="a">Fluid dynamics--Data processing</subfield>
   </datafield>
   <datafield tag="653" ind2=" " ind1=" ">
      <subfield code="a">Ventilated cavity</subfield>
   </datafield>
   <datafield tag="653" ind2=" " ind1=" ">
      <subfield code="a">air chamber</subfield>
   </datafield>
   <datafield tag="653" ind2=" " ind1=" ">
      <subfield code="a">ventilated façade systems</subfield>
   </datafield>
   <datafield tag="653" ind2=" " ind1=" ">
      <subfield code="a">Fire behaviour</subfield>
   </datafield>
   <datafield tag="653" ind2=" " ind1=" ">
      <subfield code="a">chimney effect</subfield>
   </datafield>
   <datafield tag="653" ind2=" " ind1=" ">
      <subfield code="a">external fire spread</subfield>
   </datafield>
   <datafield tag="653" ind2=" " ind1=" ">
      <subfield code="a">fire dynamics simulation</subfield>
   </datafield>
   <datafield tag="653" ind2=" " ind1=" ">
      <subfield code="a">fire barriers</subfield>
   </datafield>
   <datafield tag="653" ind2=" " ind1=" ">
      <subfield code="a">Assaigs de comportament davant el foc</subfield>
   </datafield>
   <datafield tag="653" ind2=" " ind1=" ">
      <subfield code="a">Dinàmica de fluids--Informàtica</subfield>
   </datafield>
   <datafield ind2="0" ind1="0" tag="245">
      <subfield code="a">Computer-simulation study on fire behaviour in the ventilated cavity of ventilated façade systems</subfield>
   </datafield>
</record></metadata></record></GetRecord></OAI-PMH>